00449nam a2200181Ia 4500008004100000020001800041050001400059100001600073245003300089245005100122260001500173260001600188260000900204300001600213300002000229300001000249500000800259170918s9999 xx 000 0 und d a9780545474368 bW366 2011 aWebb, Holly aWhiskers the lonely kitten / cby Holly Webb ; illustrated by Sophy Williams. aNew York : bScholastic, c2011 a122 pages : billustrations ; c19cm. a700